[Event "Le Touquet op-B 20th"]
[Site "Le Touquet"]
[Date "2005.10.28"]
[Round "8"]
[White "Klipper, Noemie"]
[Black "Roussel, Romain"]
[Result "1-0"]
[WhiteElo "1660"]
[BlackElo "1750"]
[PlyCount "83"]
[EventDate "2005.10.22"]
[EventType "swiss"]
[EventRounds "9"]
[EventCountry "FRA"]
[SourceTitle "EXT 2006"]
[Source "ChessBase"]
[SourceDate "2005.11.24"]
[SourceVersion "1"]
[SourceVersionDate "2005.11.24"]
[SourceQuality "1"]

1. d4 d5 2. Nf3 c5 3. c3 Nc6 4. e3 Nf6 5. Bb5 e6 6. 0-0 Bd7 7. c4 a6 8. cxd5 axb5 9. dxc6 Bxc6 10. dxc5 Bxc5 11. b3 Qxd1 12. Rxd1 Nd7 13. Bb2 f6 14. Nc3 h5 15. Nd4 Bxd4 16. Rxd4 h4 17. h3 Rh5 18. Kf1 Kf7 19. Rad1 Nb6 20. a3 Rhh8 21. e4 g5 22. Rb4 Nd7 23. Nxb5 Nc5 24. f3 Rhd8 25. Ke2 Ke7 26. Nd4 Be8 27. Rc1 Rac8 28. Rbc4 b6 29. b4 Na4 30. Rxc8 Rxc8 31. Rxc8 Nxb2 32. Kd2 b5 33. Ra8 Nc4+ 34. Ke2 Bd7 35. Ra7 Kd6 36. Nb3 f5 37. Nc5 Bc8 38. exf5 exf5 39. Rg7 Nxa3 40. Rxg5 Nc2 41. Nd3 Bb7 42. Rh5 1-0

[Event "Le Touquet op-B 20th"]
[Site "Le Touquet"]
[Date "2005.10.25"]
[Round "3"]
[White "Roussel, Romain"]
[Black "Jardine, Ludovic"]
[Result "0-1"]
[WhiteElo "1750"]
[BlackElo "1868"]
[PlyCount "44"]
[EventDate "2005.10.22"]
[EventType "swiss"]
[EventRounds "9"]
[EventCountry "FRA"]
[SourceTitle "EXT 2006"]
[Source "ChessBase"]
[SourceDate "2005.11.24"]
[SourceVersion "1"]
[SourceVersionDate "2005.11.24"]
[SourceQuality "1"]

1. d4 Nf6 2. c4 c5 3. d5 b5 4. cxb5 a6 5. bxa6 Bxa6 6. Nc3 d6 7. e4 Bxf1 8. Kxf1 Nbd7 9. g3 g6 10. Nf3 Bg7 11. Kg2 0-0 12. Bf4 Ng4 13. Qd2 Qb6 14. h3 Nge5 15. Nxe5 Nxe5 16. Bxe5 Bxe5 17. Rab1 Rfb8 18. Qc2 Qb4 19. Rhe1 Qc4 20. f3 Rxa2 21. Rec1 Bxc3 22. Qxc3 Qe2+ 0-1